000 00558nam a2200169Ia 4500
003 LK-CoDNM
008 010623t2005 xxu||||| |||| 00| 1 sin d
040 _aLK-CoDNM
_dLK-CoDNM
_eLK-CoDNM
041 _asin
080 _a902 RAN
100 _aRanchagoda,Tharidi
245 _aපෞරාණික ස්ථාන හා ස්මාරක,ගාල්ල දිස්ත්‍රික්කය
246 _aPauranika Sthana ha Smaraka : Galla District
260 _bDepartment of Archaeology
_aColombo
_c2005
300 _b42p,pl, 21 cm
942 _cBK
999 _c124874
_d124874